00517nam a2200193 a 4500001001300000003000900013005001700022008004100039020001000080082001600090100002100106245003300127260004900160300000900209500003500218505002100253650002800274700002100302nice12345678IN_TiNIC20260116015040.0050524s1972 newa grp 000 0 eng  ac10000a922.97bMUJ aMujeeb, Mohammad aDr. Zakir Husainb Biography aNew DelhibNational Book Trust, India c1972 a248p aincludes index and biblioraphy2 aZerox Copy Bound aZakir Hussain-Biography1 aMujeeb, Mohammad